00228nam a2200085Ia 4500008004100000100002000041245002700061260004500088260000900133170620s9999 xx 000 0 und d aSharma- Promila 0aEducational Psychology bNew Delhi- A.P.H. Publishing corporation c2007